000 00741nam a2200241 4500
001 45743
010 _a9789897079177
021 _b454327/19
090 _a45743
100 _a20190729d2019 cd y0pory50030103ba
101 0 _apor
102 _aPT
200 1 _aEu sou super!
_epequenos exercícios para uma grande autoestima
_fJoana Laranjeiro
_gil. Diana de Oliveira
205 _a1.ª ed
210 9 _aAmadora
_cBooksmile,
_d2019
215 _a79, [1] p.
_cil.
_d29 cm
675 _a159.9
675 _a087.5
_vBN
_zpor
700 1 _aLaranjeiro,
_bJoana,
_f1978-
701 1 _aOliveira,
_bDiana,
_f1985-
_4070
801 0 _aPT
_bBN
_gRPC
856 4 1 _uhttp://rnod.bnportugal.gov.pt/ImagesBN/winlibimg.aspx?skey=&doc=2026688&img=128516&save=true
990 _cLIVROS